[Event "Muensterland Verbandsklasse-A 0607"]
[Site "Germany"]
[Date "2007.04.21"]
[Round "8.4"]
[White "Reichstein, Michael"]
[Black "Moeller, Christian"]
[Result "1-0"]
[WhiteElo "1837"]
[BlackElo "1782"]
[PlyCount "69"]
[EventDate "2006.09.23"]
[EventType "team"]
[EventRounds "9"]
[EventCountry "GER"]
[SourceTitle "EXT 2008"]
[Source "ChessBase"]
[SourceDate "2007.11.25"]
[SourceVersion "1"]
[SourceVersionDate "2007.11.25"]
[SourceQuality "1"]
[WhiteTeam "Sendenhorst"]
[BlackTeam "Ibbenbueren"]
[WhiteTeamCountry "GER"]
[BlackTeamCountry "GER"]

1. e4 e5 2. Nf3 Nc6 3. Bb5 a6 4. Bxc6 dxc6 5. d3 Bc5 6. h3 Ne7 7. 0-0 f6 8. c3 Be6 9. Qe2 Qd7 10. Be3 Bxe3 11. Qxe3 g5 12. d4 Ng6 13. dxe5 Nf4 14. Nd4 Bc4 15. Re1 fxe5 16. Nf5 Qd3 17. Qc5 0-0-0 18. Na3 Be6 19. Qa7 Ne2+ 20. Kh2 Qxe4 21. Ng3 Qf4 22. Rxe2 h5 23. Qe3 Qf7 24. Ne4 Bd5 25. Rd1 h4 26. Nxg5 Qg6 27. c4 Bf7 28. Rxd8+ Rxd8 29. Nxf7 Qxf7 30. Qxe5 Qh7 31. f4 Qd3 32. Qe3 Qd1 33. Re1 Qh5 34. Nb1 Qh8 35. Nc3 1-0

[Event "Muensterland Verbandsklasse-A 0607"]
[Site "Germany"]
[Date "2007.02.17"]
[Round "6.3"]
[White "Broemmel, Rudolf"]
[Black "Reichstein, Michael"]
[Result "1-0"]
[WhiteElo "1937"]
[BlackElo "1837"]
[PlyCount "63"]
[EventDate "2006.09.23"]
[EventType "team"]
[EventRounds "9"]
[EventCountry "GER"]
[SourceTitle "EXT 2008"]
[Source "ChessBase"]
[SourceDate "2007.11.25"]
[SourceVersion "1"]
[SourceVersionDate "2007.11.25"]
[SourceQuality "1"]
[WhiteTeam "Raesfeld Erle"]
[BlackTeam "Sendenhorst"]
[WhiteTeamCountry "GER"]
[BlackTeamCountry "GER"]

1. d4 c6 2. Nc3 d5 3. g3 g6 4. Bg2 Bg7 5. e3 Nf6 6. Nge2 Bf5 7. h3 h5 8. f3 Qc7 9. e4 dxe4 10. fxe4 Be6 11. e5 Nd5 12. Nxd5 Bxd5 13. Bxd5 cxd5 14. Nc3 e6 15. Qd3 a6 16. Bg5 Nc6 17. 0-0-0 Rc8 18. Kb1 Nb4 19. Qf3 b5 20. Rhf1 Rf8 21. Rf2 Nc6 22. Bf6 Bh6 23. g4 hxg4 24. hxg4 Rg8 25. Qh3 b4 26. Na4 Bg7 27. Bxg7 f5 28. exf6 Kf7 29. g5 b3 30. axb3 Nb4 31. Nc5 Rce8 32. Qh7 1-0

[Event "Muensterland Verbandsklasse-A 0506"]
[Site "Germany"]
[Date "2006.02.25"]
[Round "7.5"]
[White "Eiersbrock, Robin"]
[Black "Reichstein, Michael"]
[Result "0-1"]
[WhiteElo "2011"]
[BlackElo "2095"]
[PlyCount "32"]
[EventDate "2005.09.03"]
[EventType "team"]
[EventRounds "9"]
[EventCountry "GER"]
[SourceTitle "EXT 2006"]
[Source "ChessBase"]
[SourceDate "2005.11.24"]
[SourceVersion "1"]
[SourceVersionDate "2005.11.24"]
[SourceQuality "1"]
[WhiteTeam "Buldern"]
[BlackTeam "Sendenhorst"]
[WhiteTeamCountry "GER"]
[BlackTeamCountry "GER"]

1. d4 Nf6 2. Nf3 g6 3. c4 c6 4. Bg5 Bg7 5. Nc3 d5 6. e3 Qb6 7. Qd2 Ne4 8. Nxe4 dxe4 9. Ng1 c5 10. Ne2 Bg4 11. Rd1 Nc6 12. h3 Nb4 13. Qc3 Nd3+ 14. Kd2 Bxe2 15. Kxe2 cxd4 16. Qa3 Qxb2+ 0-1

[Event "Muensterland Verbandsklasse-A 0506"]
[Site "Germany"]
[Date "2005.09.03"]
[Round "1.5"]
[White "Reichstein, Michael"]
[Black "Robeling, Stephan"]
[Result "0-1"]
[WhiteElo "2095"]
[BlackElo "1833"]
[PlyCount "74"]
[EventDate "2005.09.03"]
[EventType "team"]
[EventRounds "9"]
[EventCountry "GER"]
[SourceTitle "EXT 2006"]
[Source "ChessBase"]
[SourceDate "2005.11.24"]
[SourceVersion "1"]
[SourceVersionDate "2005.11.24"]
[SourceQuality "1"]
[WhiteTeam "Sendenhorst"]
[BlackTeam "Bocholt"]
[WhiteTeamCountry "GER"]
[BlackTeamCountry "GER"]

1. d4 Nf6 2. Bg5 e6 3. e4 h6 4. Bxf6 Qxf6 5. Nf3 c5 6. c3 Nc6 7. d5 Ne5 8. Nbd2 Be7 9. Be2 0-0 10. 0-0 Nxf3+ 11. Nxf3 e5 12. Qd2 d6 13. Ne1 Qg6 14. Bd3 Bg5 15. Qe2 h5 16. Kh1 Bg4 17. f3 Bd7 18. g3 f5 19. exf5 Bxf5 20. Bxf5 Qxf5 21. Ng2 Rf7 22. g4 Qh7 23. Ne3 hxg4 24. Nxg4 Raf8 25. Kg2 Rf4 26. Rad1 Re8 27. Qb5 Re7 28. Nf2 e4 29. Rde1 exf3+ 30. Kg1 Qg6 31. Qd3 Ree4 32. Kh1 Rxe1 33. Rxe1 Qh5 34. Qf1 Rh4 35. Qg1 Bf4 36. Re4 Rxh2+ 37. Qxh2 Qxh2# 0-1

[Event "Muensterland Verbandsklasse-A 0405"]
[Site "Muensterland"]
[Date "2005.03.19"]
[Round "8.8"]
[White "Walter, Eugen"]
[Black "Reichstein, Michael"]
[Result "0-1"]
[WhiteElo "1858"]
[BlackElo "1776"]
[PlyCount "88"]
[EventDate "2004.09.11"]
[EventType "team"]
[EventRounds "9"]
[EventCountry "GER"]
[SourceTitle "EXT 2006"]
[Source "ChessBase"]
[SourceDate "2005.11.24"]
[SourceVersion "1"]
[SourceVersionDate "2005.11.24"]
[SourceQuality "1"]
[WhiteTeam "Gronau"]
[BlackTeam "Sendenhorst"]
[WhiteTeamCountry "GER"]
[BlackTeamCountry "GER"]

1. Nf3 Nf6 2. b3 g6 3. Bb2 Bg7 4. e3 d5 5. c4 c6 6. Be2 Bg4 7. Ne5 Bxe2 8. Qxe2 Qc7 9. d3 0-0 10. 0-0 Rd8 11. f4 Nbd7 12. Nd2 Ne8 13. d4 f6 14. Nd3 Nd6 15. Rac1 dxc4 16. Nxc4 Nxc4 17. Rxc4 Qd6 18. Qg4 f5 19. Qf3 Rac8 20. Rfc1 Qe6 21. Ba3 Nb6 22. R4c2 Nd5 23. Ne5 Bxe5 24. fxe5 Rf8 25. Rc5 Rcd8 26. R5c4 Qd7 27. Bb2 Nc7 28. R1c2 Ne6 29. Rd2 Ng5 30. Qf4 Ne4 31. Rd1 Qd5 32. Qh6 Rf7 33. h4 Rg7 34. Qf4 Rf8 35. Rc2 g5 36. hxg5 Nxg5 37. Qf1 Qe4 38. Qd3 Qh4 39. Qc4+ Kh8 40. d5 Nf3+ 41. Kf1 Qh1+ 42. Ke2 Rxg2+ 43. Kxf3 Qh3+ 44. Kf4 Rg4# 0-1

[Event "Muensterland Verbandsklasse-A 0304"]
[Site "Germany"]
[Date "2004.01.17"]
[Round "5.8"]
[White "Reichstein, Michael"]
[Black "Hartmann, Viktor"]
[Result "0-1"]
[WhiteElo "1798"]
[BlackElo "1795"]
[PlyCount "56"]
[EventDate "2003.09.20"]
[EventType "team"]
[EventRounds "9"]
[EventCountry "GER"]
[SourceTitle "EXT 2005"]
[Source "ChessBase"]
[SourceDate "2004.11.15"]
[SourceVersion "1"]
[SourceVersionDate "2004.11.15"]
[SourceQuality "1"]
[WhiteTeam "Sendenhorst"]
[BlackTeam "Ibbenbueren"]
[WhiteTeamCountry "GER"]
[BlackTeamCountry "GER"]

1. e4 c5 2. Nf3 d6 3. d4 cxd4 4. Nxd4 Nf6 5. Nc3 Nc6 6. Bg5 Bd7 7. Bxf6 gxf6 8. Bc4 Qa5 9. a3 Qc5 10. Nxc6 Qxc4 11. Nb4 e6 12. Qf3 Rg8 13. Rd1 a5 14. Nd3 Bc6 15. Nf4 f5 16. Qd3 Qc5 17. exf5 Qe5+ 18. Qe3 Qxf5 19. Nfd5 0-0-0 20. Nb6+ Kb8 21. b4 Rxg2 22. Rf1 Rxh2 23. bxa5 Rh3 24. Qd4 Qxa5 25. Rd3 Rxd3 26. cxd3 Qxa3 27. Ke2 Qb2+ 28. Kd1 Bf3+ 0-1

[Event "Muensterland Verbandsklasse-A 0304"]
[Site "Germany"]
[Date "2003.11.15"]
[Round "3.8"]
[White "Reichstein, Michael"]
[Black "Hund, Reinhard"]
[Result "1/2-1/2"]
[WhiteElo "1798"]
[BlackElo "1715"]
[PlyCount "147"]
[EventDate "2003.09.20"]
[EventType "team"]
[EventRounds "9"]
[EventCountry "GER"]
[SourceTitle "EXT 2005"]
[Source "ChessBase"]
[SourceDate "2004.11.15"]
[SourceVersion "1"]
[SourceVersionDate "2004.11.15"]
[SourceQuality "1"]
[WhiteTeam "Sendenhorst"]
[BlackTeam "Muenster Indische Dame"]
[WhiteTeamCountry "GER"]
[BlackTeamCountry "GER"]

1. e4 e5 2. Nf3 Nf6 3. Nxe5 d6 4. Nf3 Nxe4 5. Qe2 Qe7 6. d3 Nf6 7. Bg5 Be6 8. Nc3 a6 9. d4 Nbd7 10. 0-0-0 0-0-0 11. Re1 Re8 12. Qd2 Qd8 13. Bd3 Be7 14. Na4 Bd5 15. c4 Bc6 16. Nc3 Bxf3 17. gxf3 h6 18. Be3 d5 19. c5 c6 20. Na4 Nh5 21. Bf5 Kb8 22. b4 g5 23. Kc2 Ng7 24. Bh3 f5 25. f4 g4 26. Bf1 Qc8 27. Nb2 Ne6 28. a4 Nc7 29. b5 Ka8 30. Qa5 Nb8 31. Rb1 Bd8 32. b6 Ne6 33. Nd3 Re7 34. Ne5 Rg7 35. Bd3 Rf8 36. Rb3 Bh4 37. Rhb1 Nd8 38. Be2 Bf6 39. Nd3 h5 40. Nb4 h4 41. Na2 Re7 42. Nc3 Rfe8 43. Nb5 cxb5 44. axb5 Bxd4 45. Bxd4 Rxe2+ 46. Kd3 Re1 47. c6 Rxb1 48. Rxb1 Ndxc6 49. bxc6 Nxc6 50. Qc5 Qe6 51. Ra1 Qe4+ 52. Kc3 Qxd4+ 53. Qxd4 Nxd4 54. Kxd4 Re6 55. Rb1 Re4+ 56. Kxd5 Rxf4 57. Ke5 Rc4 58. Kxf5 Kb8 59. Kg5 h3 60. Kh4 Kc8 61. f3 gxf3+ 62. Kxh3 Kd7 63. Kg3 Rc3 64. h4 Ke6 65. Re1+ Kf6 66. Rb1 Ra3 67. Rb4 a5 68. Rf4+ Kg6 69. Rg4+ Kh6 70. Rd4 Rb3 71. Rd6+ Kh5 72. Rd5+ Kg6 73. Rxa5 Rxb6 74. Kxf3 1/2-1/2

[Event "Muensterland Verbandsklasse-A 0203"]
[Site "Muensterland"]
[Date "2003.02.15"]
[Round "6.7"]
[White "Jacob, Barbara"]
[Black "Reichstein, Michael"]
[Result "0-1"]
[WhiteElo "1647"]
[BlackElo "1746"]
[PlyCount "88"]
[EventDate "2002.09.28"]
[EventType "team"]
[EventRounds "9"]
[EventCountry "GER"]
[SourceTitle "EXT 2004"]
[Source "ChessBase"]
[SourceDate "2003.11.25"]
[SourceVersion "1"]
[SourceVersionDate "2003.11.25"]
[SourceQuality "1"]
[WhiteTeam "Ochtrup"]
[BlackTeam "Sendenhorst"]
[WhiteTeamCountry "GER"]
[BlackTeamCountry "GER"]

1. e4 c5 2. Nf3 d6 3. Bb5+ Bd7 4. Bxd7+ Nxd7 5. d4 cxd4 6. Nxd4 Ngf6 7. Nc3 g6 8. 0-0 Bg7 9. Be3 0-0 10. f4 Qc8 11. f5 Ne5 12. Nd5 Nxd5 13. exd5 Qc4 14. fxg6 hxg6 15. Nf3 Ng4 16. Bg5 Qc5+ 17. Kh1 Nf2+ 18. Rxf2 Qxf2 19. Bh4 Qe3 20. c3 Rfe8 21. Qb3 Qb6 22. Qc2 Rac8 23. Re1 Bf6 24. Bf2 Qa5 25. Qb3 a6 26. Nd2 b5 27. Ne4 Qa4 28. Bg3 Bg7 29. Ng5 Bh6 30. Nf3 e5 31. dxe6 Qxb3 32. axb3 Rxe6 33. Rd1 Bf8 34. Ng5 Re2 35. Rf1 f5 36. h4 Be7 37. Nf3 Rxb2 38. Nd4 Rxc3 39. Kh2 Rd3 40. Nc6 Bf8 41. Re1 Rdd2 42. Re8 Rxg2+ 43. Kh3 Rge2 44. Rd8 Re3 0-1